Statistics for Think Fast! #6

Click here to take the quiz!

General Stats

  • This quiz has been taken 25 times
  • The average score is 4 of 10

Answer Stats

QuestionAnswer% Correct
Sunscreen protects against...UV rays
94%
What is this symbol called: @At
69%
What is an anagram of eat?Ate/Tea
50%
What is an example of a greenhouse gas?Carbon Dioxide
44%
What is the opposite of day?Night
44%
What direction does a compass always point to?North
44%
What color reflects the most light?White
19%
Where did pasta originate from?Italy
6%
What kind of substance can conduct electricity?Metal
6%
A cloud is made of...Water droplets
6%

Score Distribution

Percentile by Number Answered

Percent of People with Each Score

Your Score History

You have not taken this quiz